000 00449nam a2200181Ia 4500
005 20240823011626.0
008 240823s9999||||xx |||||||||||||| ||und||
082 _A658.15 N9
100 _aBatra G S (ed)
245 0 _aManagement of Financial Services
250 _a1st
260 _c1999
_b"Deep and Deep,New Delhi"
500 _aYES
650 _aManagement
_bManagement Studies
700 _a Bhatia Amit
942 _cBK
999 _c162081
_d162081